01013nam a2200229 a 450000100060000000300090000600800410001502000150005604000280007108200170009910000320011624500520014826000500020030000110025049000420026150502340030359000470053765000310058494200120061599900170062795201390064419794CO-ViMGA141112s2004 ck r 000 u spa d a9968380814 aCO-ViMGAbspacCO-ViMGA04a345.7 Ch468i1 aChiovenda, Giusseppe92866310aInstituciones de derecho procesal civil. Vol. 4 aMexico : bEd. Juridica Universitaria, c2001 a672 p. aClásicos del derecho procesal civil aConceptos fundamentales : ley, derecho, acción Proceso civil y relación jurídico - procesal Actuación de la ley en el proceso civil. relaciones procesales. Sentencias. oposicion. apelacion. revision. recurso de casación aForma de adquisición : Premio Mincultura14aPROCEDIMIENTO CIVIL948794 2ddccBK c28926d28926 00102ddc40708002aMEVIECARbMEVIECARd2015-12-04h11/jun/2009l0o345.7 Ch468i p19794r2015-12-04 00:00:00tEj. 1w2015-12-04yBK